000 00295nam a22001337a 4500
008 170817b xxu||||| |||| 00| 0 eng d
020 _a9780023529337
041 _aeng
080 _27 ED
_a51
100 _a36
101 _aMAT
245 _aTODAY MATHEMATICS
_cHEDENS.J.W
942 _2udc
_cBK
999 _c23807
_d23807